European Countries That Have Been to the FIFA World Cup - Statistics

General Stats
  • This quiz has been taken 66 times
  • The average score is 29 of 32
Answer Stats
# Best finish Country % Correct
17 1st place France
100%
21 1st place Germany
100%
18 1st place Italy
100%
4 Quarterfinals Russia
100%
7 2nd place Croatia
98%
17 1st place England
98%
3 Quarterfinals Ireland
98%
17 1st place Spain
98%
9 3rd place Portugal
96%
3 Round of 16 Greece
95%
4 Round of 16 Norway
95%
1 Quarterfinals Ukraine
95%
8 3rd place Austria
93%
15 3rd place Belgium
93%
2 Group stage Czech Republic
93%
12 2nd place Netherlands
93%
9 3rd place Poland
93%
13 2nd place Sweden
93%
13 Quarterfinals Switzerland
93%
6 Quarterfinals Denmark
91%
9 Group stage Scotland
91%
9 2nd place Hungary
89%
1 Group stage Iceland
88%
3 3rd place Turkey
86%
2 Group stage Bosnia and Herzegovina
84%
7 4th place Bulgaria
84%
7 Quarterfinals Romania
84%
3 Group stage Serbia
84%
1 Round of 16 Slovakia
84%
2 Quarterfinals Wales
84%
2 Group stage Slovenia
81%
3 Quarterfinals Northern Ireland
75%
No matching quizzes found
Score Distribution
Percent of People with Each Score
Percentile by Number Answered
Your Score History
You have not taken this quiz